Представление документа в формате MARC21

Поле Инд. ПП Название Значение
Тип записи a
Библиографический уровень m
001 Контрольный номер RU/IS/BASE/262110779
005 Дата корректировки 20250418162522.1
084 a Индекс другой классификации/Индекс ББК 22.181.1я73; 22.174я73
090 00 a Полочн. индекс 22.181.1я73 испр.
x Авторский знак П 314
097 00 a 240
b Оператор Шаpова_Т.С.
100 10 a Автор Петухов Г. Б.
245 00 a Заглавие Прикладная математика
c Ответственность под общей редакцией Р. М. Юсупова
n Номер части/ раздела Вып.1
p Название части/ раздела Основы комбинаторного анализа
260 00 a Место издания Ленинград
b Издательство ВИКИ им. А. Ф. Можайского
c Дата издания 1973
300 a Объем 132 с.
b Иллюстрации/ тип воспроизводства табл.
336 a Термин вида содержания Текст
337 a Термин типа средства непосредственный
504 a Библиография Прил.: с. 112-131. - Лит.: с. 132
650 04 a Основная рубрика комбинаторный анализ
a Основная рубрика математика
653 0_ a Ключевые слова алгебра
a Ключевые слова комбинаторика
a Ключевые слова математические таблицы
a Ключевые слова матрицы инциденций
a Ключевые слова множества
a Ключевые слова перестановки
a Ключевые слова размещения
a Ключевые слова рекуррентные соотношения
a Ключевые слова символический метод
a Ключевые слова сочетания
a Ключевые слова Стирлинга формула
a Ключевые слова таблицы
655 a Жанр/ форма (устаревшее) учебное пособие
700 12 a Автор Юсупов Р. М.
e Роль лиц редактор
901 t Тип документа m
952 a Тип литературы для КСУ ВШ УИ